000 01436nam a2200253 a 4500
001 BS0003152
003 BR-BrBNA
005 20230418192230.0
008 230308b |||||||| |||| 00| 0 por d
040 _aBR-BrBNA
_bpor
_cBiblioteca Nacional de Agricultura
041 _apor
072 _aB53
090 _aB53 BS0003152
100 1 _aDiniz, Abilio (cord.)
110 1 _aGrupo Pão de Açucar
245 1 _aReforma econômica para o Brasil /
250 1 _as. ed.
260 3 _aSão Paulo, SP:
_bLivraria Nobel s.a,
_c1990.
300 _a212 p.
520 3 _aA discussão, hoje, ultrapassa o conflito entre a direita e a esquerda. Na impossibilidade de se definir com clareza o que é certo ou errado, ou que é bom ou que é ruim, a discussão deve estar centralizada em torno dos conceitos do que é novo ou do que é velho. Novo é a Europa de 1992, a integração dos povos, e a unificação da Alemanha,n a abertura dos países do leste europeu, a preocupação com a evolução tecnológica a serviço da humanidade. Velho é o muro de Berlim, a repressão chinesa, o autoritarismo. Velho é o fechamento da economia brasileira, o nosso atraso tecnológico dele decorrente, a queda da produtividade industrial, o sistema cartorial, a desigualdade social que ocorre tanto no setor privado ou no setor público. Velho se tornou o Brasil.
650 _aECONOMIA
909 _a202304
_bSergio Santos
_c56
_dSergio Santos
942 _cBK
999 _c8205
_d8205